00410 2200157 4500001002100000005001500021035002000036245005600056100001300112250001700125300003300142260003000175082001100205084001700216650001900233INLIS00000000000070720240929083959 a0010-09240000261 aBertanam Pisang dan Cara Pemeliharaanya /cKuswanto0 aKuswanto acetakan ke-1 aiii, 38 hlm :bIlus ;c21 cm aSolo :bCV. Deriko,c2007 a634.77 a634.77 KUS b 4abercocok tanam